Sports Quiz

Random Sports or NFL Quiz

NFL 2017 Rushing Leaders Quiz Stats

 Plays Quiz Updated Feb 10, 2018

Score 0/32 Timer 06:00
0 Plays Today
Team Player % Correct
Buffalo BillsLeSean McCoy
90%
Los Angeles RamsTodd Gurley
88.8%
Pittsburgh SteelersLe'Veon Bell
88.8%
Atlanta FalconsDevonta Freeman
86.3%
Kansas City ChiefsKareem Hunt
82.5%
Jacksonville JaguarsLeonard Fournette
82%
New Orleans SaintsMark Ingram
81.7%
Dallas CowboysEzekiel Elliott
80.5%
Los Angeles ChargersMelvin Gordon
78%
Chicago BearsJordan Howard
76.6%
Indianapolis ColtsFrank Gore
76.5%
Carolina PanthersJonathan Stewart
74.2%
Minnesota VikingsLatavius Murray
73.9%
Oakland RaidersMarshawn Lynch
73.5%
Philadelphia EaglesLeGarrette Blount
73%
Denver BroncosC.J. Anderson
72.8%
Team Player % Correct
Arizona CardinalsAdrian Peterson
66.2%
Tennessee TitansDerrick Henry
65.2%
New England PatriotsDion Lewis
64.3%
Houston TexansLamar Miller
63.3%
San Francisco 49ersCarlos Hyde
61.3%
Cincinnati BengalsJoe Mixon
61.1%
Cleveland BrownsIsaiah Crowell
59%
Detroit LionsAmeer Abdullah
51.9%
Green Bay PackersJamaal Williams
48.3%
Baltimore RavensAlex Collins
48%
Miami Dolphins Kenyan Drake
45.7%
New York JetsBilal Powell
45.2%
New York GiantsOrleans Darkwa
36.9%
Washington RedskinsSamaje Perine
29.5%
Tampa Bay Buccaneers Peyton Barber
21.8%
Seattle SeahawksMike Davis
20.7%

You're not logged in!

Compare scores with friends on all Sporcle quizzes.
OR
Log In

Sporcle TV

Today on Sporcle TV


Watch our educational content, quiz creation guides, and fun videos on Sporcle TV.

Show Comments

Extras

Top Quizzes Today


Score Distribution

Your Account Isn't Verified!

In order to create a playlist on Sporcle, you need to verify the email address you used during registration. Go to your Sporcle Settings to finish the process.

Report this User

Report this user for behavior that violates our Community Guidelines.

Details: